=LDR 00000nam 2200000 4500 =001 NUTBA000000000005887 =005 20141112125512.0 =006 =007 =008 =020 ##$$a 978.602.8551.37-3 =035 ##$$a 0010-111400000000366 =040 ##$$a NBPDMAT =082 ##$$a 592 =090 ##$$a 592 Din p =100 ##$$a Dinda Mehariesei =245 ##$$a Penghuni terumbu karang$cDinda Mahariesei =250 ##$$a Jakarta$bBuana Cipta Pustaka$c2009 =260 ##$$a 59 hlm$bilus$c24 cm =500 ##$$a Bibliografi hlm : 56 =650 ##$$a Terumbu Karang =850 ##$$a NBPDMAT